000 00453nam a2200181Ia 4500
001 9190
005 20260306160705.0
008 260306t2015||||xx |||||||||||||| ||spa||
041 _aESP
082 _a375.001
_bG46
100 _aGimeno Sacristán, José
_eAUT
245 0 _aEnsayos sobre el currículum:
_b: teoría y práctica
260 _c2015
300 _a281 páginas :
_c24 cm.
650 _aGEN
654 _aCED
942 _cLIB
_dJUS
_fJUS
_2ddc
_n
999 _c9190
_d9190